ARRUPE JESUIT UNIVERSITY

CORONAVIRUS -STOP THE SPREAD - CLEAN,DISINFECT,COVER

The struggle over state power in Zimbabwe : (Record no. 129799)

MARC details
000 -LEADER
fixed length control field 03432cam a22004218i 4500
001 - CONTROL NUMBER
control field 20021763
003 - CONTROL NUMBER IDENTIFIER
control field ARRUPE
005 - DATE AND TIME OF LATEST TRANSACTION
control field 20190904143031.0
008 - FIXED-LENGTH DATA ELEMENTS--GENERAL INFORMATION
fixed length control field 170921s2017 nyu b 001 0 eng
010 ## - LIBRARY OF CONGRESS CONTROL NUMBER
LC control number 2017035384
020 ## - INTERNATIONAL STANDARD BOOK NUMBER
International Standard Book Number 9781107190207 (hardback)
020 ## - INTERNATIONAL STANDARD BOOK NUMBER
International Standard Book Number 9781316640333 (paperback)
040 ## - CATALOGING SOURCE
Original cataloging agency DLC
Language of cataloging eng
Description conventions rda
Transcribing agency DLC
042 ## - AUTHENTICATION CODE
Authentication code pcc
043 ## - GEOGRAPHIC AREA CODE
Geographic area code f-rh---
050 00 - LIBRARY OF CONGRESS CALL NUMBER
Classification number KTZ170
Item number .K37 2017
082 00 - DEWEY DECIMAL CLASSIFICATION NUMBER
Classification number 347.6891
Edition number 23
084 ## - OTHER CLASSIFICATION NUMBER
Classification number HIS001000
Source of number bisacsh
300 ## - PHYSICAL DESCRIPTION
Dimensions 23cm.
100 1# - MAIN ENTRY--PERSONAL NAME
Personal name Karekwaivanane, George Hamandishe,
Dates associated with a name 1980-,
Relator term author.
9 (RLIN) 48046
245 14 - TITLE STATEMENT
Title The struggle over state power in Zimbabwe :
Remainder of title law and politics since 1950 /
Statement of responsibility, etc George Hamandishe Karekwaivanane.
260 ## - PUBLICATION, DISTRIBUTION, ETC. (IMPRINT)
Place of publication, distribution, etc Cambridge
Name of publisher, distributor, etc Cambridge |University Press
Date of publication, distribution, etc 2017
263 ## - PROJECTED PUBLICATION DATE
Projected publication date 1711
300 ## - PHYSICAL DESCRIPTION
Extent xiv, 272p. ;
490 0# - SERIES STATEMENT
Series statement African studies ;
Volume number/sequential designation 139
504 ## - BIBLIOGRAPHY, ETC. NOTE
Bibliography, etc Includes bibliographical references and index.
505 8# - FORMATTED CONTENTS NOTE
Formatted contents note Machine generated contents note: List of figures; List of tables; Acknowledgements; List of abbreviations; Introduction; 1. Laying down the law: a historical background, 1890-1950; 2. Customising justice and constructing subjects: state, 'customary law' and Chiefs' Courts, 1950-1980; 3. Legislating against dissent: law, race and politics, 1950-1964; 4. Legality without legitimacy: law and politics during UDI, 1965-1980; 5. Intermediaries, intellectuals and translators: African lawyers and the struggles in the legal arena, 1950-1980; 6. Law and transformation: remaking the legal system in postcolonial Zimbabwe, 1980-1990; 7. Continuity and consolidation: law and politics in Zimbabwe, 1980-1990; 8. 'The past as prologue': law and politics in Zimbabwe, 1997-2008; Conclusion; Bibliography.
520 ## - SUMMARY, ETC.
Summary, etc "The establishment of legal institutions was a key part of the process of state construction in Africa, and these institutions have played a crucial role in the projection of state authority across space. This is especially the case in colonial and postcolonial Zimbabwe. George Karekwaivanane offers a unique long-term study of law and politics in Zimbabwe, which examines how the law was used in the constitution and contestation of state power across the late-colonial and postcolonial periods. Through this, he offers insight on recent debates about judicial independence, adherence to human rights, and the observation of the rule of law in contemporary Zimbabwean politics. The book sheds light on the prominent place that law has assumed in Zimbabwe's recent political struggles for those researching the history of the state and power in Southern Africa. It also carries forward important debates on the role of law in state-making, and will also appeal to those interested in African legal history"--
650 #0 - SUBJECT ADDED ENTRY--TOPICAL TERM
Topical term or geographic name as entry element Political questions and judicial power
Geographic subdivision Zimbabwe
General subdivision History.
9 (RLIN) 48047
650 #0 - SUBJECT ADDED ENTRY--TOPICAL TERM
Topical term or geographic name as entry element Justice, Administration of
Geographic subdivision Zimbabwe
General subdivision History.
9 (RLIN) 48048
650 #0 - SUBJECT ADDED ENTRY--TOPICAL TERM
Topical term or geographic name as entry element Political culture
Geographic subdivision Zimbabwe.
9 (RLIN) 48049
650 #7 - SUBJECT ADDED ENTRY--TOPICAL TERM
Topical term or geographic name as entry element HISTORY / Africa / General.
Source of heading or term bisacsh
9 (RLIN) 48050
651 #0 - SUBJECT ADDED ENTRY--GEOGRAPHIC NAME
Geographic name Zimbabwe
General subdivision Politics and government.
9 (RLIN) 48051
906 ## - LOCAL DATA ELEMENT F, LDF (RLIN)
a 7
b cbc
c orignew
d 1
e ecip
f 20
g y-gencatlg
942 ## - ADDED ENTRY ELEMENTS (KOHA)
Source of classification or shelving scheme Library of Congress Classification
Koha item type Monograph ( Printed materials)
Holdings
Withdrawn status Lost status Source of classification or shelving scheme Damaged status Not for loan Collection code Home library Current library Shelving location Date acquired Total Checkouts Full call number Barcode Date last seen Price effective from Koha item type
    Library of Congress Classification     Main Collection ARRUPE LIBRARY ARRUPE LIBRARY Main Collection 04/09/2019   KTZ170 .K37 2017 46600005421 04/09/2019 04/09/2019 Monograph ( Printed materials)

 

Arrupe Library. PO Box MP320 Mt Pleasant, Harare, Zimbabwe
263 242 745411|librarian@aju.ac.zw